Apuntes de derecho

Detalles Bibliográficos
Formato: eBook
Lenguaje:español
Materias:
Acceso en línea:Acceso restringido

MARC

LEADER 00000nam a22000007a 4500
005 20120926182955.0
007 cr|||| ||||
008 120926s19979999cl |||| s|||| 0||| 1spa d
035 |a 6720 
040 |a vLex 
090 |c 3478  |d 3478 
245 0 0 |a Apuntes de derecho  |h [Recurso electrn̤ico]  
256 |a Servicio en ln̕ea 
300 |a 1 recurso electrn̤ico 
310 |a Bianual 
321 |a Anual 
362 |a Nm︢. 1 (1996) - 
506 1 |a Contenido solo disponible en los productos indicados  |d vLex Global   |d vLex Global (Academic Edition, excluding Law Schools)   |d vLex Global (U.S. Academic Edition, Law Schools)   |d vLex Global (U.S. Academic Edition, excluding Law Schools)   |d vLex Global (Academic Edition, Law Schools)  
650 0 4 |a Derecho  |z Chile 
740 0 |a vLex Revistas (Servicios en ln̕ea) 
856 4 0 |u http://vlex.com/source/apuntes-derecho-6720  |z Acceso restringido 
942 |c REV 
999 0 |a Law